|
|
|
|
| LEADER |
00000nam a2200000 a 4500 |
| 005 |
20120119122227.0 |
| 007 |
cr|||| |||| |
| 008 |
080404s2007 sp |||||| o000 ||spa|c |
| 017 |
|
|
|a DL M. 56237-2007
|
| 020 |
|
|
|a 9788473512725
|
| 035 |
|
|
|a 5547
|
| 040 |
|
|
|d vLex
|
| 090 |
|
|
|c 2936
|d 2936
|
| 245 |
0 |
3 |
|a La Funcin̤ pb︢lica directiva en Francia, Italia y Espaą
|h [Recurso electrn̤ico] /
|c Gerard Marcou... [et al.] ; Miguel Sǹchez Morn̤ (Coord.)
|
| 256 |
|
|
|a Servicio en ln̕ea
|
| 260 |
|
|
|a Madrid :
|b Instituto Nacional de Administracin̤ Pb︢lica,
|c 2007
|
| 300 |
|
|
|a 1 recurso electrn̤ico
|
| 490 |
1 |
|
|a Estudios y documentos
|
| 500 |
|
|
|a Recoge las ponencias presentadas en el seminario organizado por la Universidad de Alcal ̀con profesores y expertos franceses, italianos y espaǫles en junio del aǫ 2007, y donde se exponen las l︢timas investigaciones sobre modernizacin̤ de la funcin̤ pb︢lica y la situacin̤ actual de los directivos pb︢licos en la estos paises y la inevitable influencia en el ordenamiento jurd̕ico pb︢lico europeo.
|
| 506 |
1 |
|
|a Contenido solo disponible en los productos indicados
|d vLex Global
|d vLex Global (Academic Edition, excluding Law Schools)
|d vLex Global (U.S. Academic Edition, Law Schools)
|d vLex Global (U.S. Academic Edition, excluding Law Schools)
|d vLex Global (Academic Edition, Law Schools)
|
| 650 |
0 |
4 |
|a Altos funcionarios
|z Espaą
|
| 650 |
0 |
4 |
|a Altos funcionarios
|z Francia
|
| 650 |
0 |
4 |
|a Altos funcionarios
|z Italia
|
| 700 |
1 |
|
|a Marcou, Gřard
|
| 700 |
1 |
|
|a Sǹchez Morn̤, Miguel,
|e Coord.
|
| 710 |
2 |
|
|a Instituto Nacional de Administracin̤ Pb︢lica (Espanya)
|
| 740 |
0 |
|
|a vLex Libros (Servicio en ln̕ea)
|
| 830 |
|
0 |
|a Estudios y documentos (Instituto Nacional de Administracin̤ Pb︢lica (Espaą))
|
| 856 |
4 |
0 |
|u http://vlex.com/source/funcion-publica-directiva-francia-italia-espana-5547
|z Acceso restringido
|
| 942 |
|
|
|c BOOK
|
| 999 |
0 |
|
|a Public officers
|
| 999 |
0 |
|
|a Administrative law
|